000
00329nam a2200133Ia 4500
008
191201s2011 xx 000 0 und d
082
_a
004.22
_b
CAC
100
_a
CARTER,Nicholas P
245
0
_a
Computer Architecture and Organigation
250
_a
Rep
260
_c
2011
_b
TMH
_a
NEW DELHI
300
_a
MISC.
942
_2
ddc
_c
BK
_0
7
999
_c
7784
_d
7784